Donativos para el Museo Marítimo
Colección:
San Jorge,
; núm. 20 (octubre 1955), pàg 85
Materias:
Museu Marítim (Barcelona, Catalunya)
Idioma:
Español
MARC
| LEADER | 00000naa a2200000 a 4500 | ||
|---|---|---|---|
| 003 | Arxiu | ||
| 005 | 20260324181041.0 | ||
| 008 | 160829s1955 spc xx s spa c | ||
| 040 | |a AGDB | ||
| 245 | 0 | 0 | |a Donativos para el Museo Marítimo |
| 490 | |a San Jorge, |v núm. 20 (octubre 1955), pàg 85 | ||
| 610 | 0 | |9 10020 |a Museu Marítim (Barcelona, Catalunya) | |
| 773 | |g Núm. 20 (octubre 1955), pàg 85 |t San Jorge. | ||
| 901 | |a Arxiu | ||
| 942 | |n 1 |2 udc |c ART | ||
| 952 | |0 0 |1 0 |4 0 |6 REV510 |7 1 |9 65451 |a Arxiu |b Arxiu |d 2023-03-06 |l 0 |o Rev-510 |r 2023-03-06 00:00:00 |w 2023-03-06 |y ARXIU |z També disponible a Rev-524 | ||
| 999 | |c 49037 |d 49037 | ||